| 000 | 00457nam a2200169 i 4500 | ||
|---|---|---|---|
| 001 | 34004 | ||
| 003 | ES-MaACL | ||
| 005 | 20250712032631.0 | ||
| 007 | t| | ||
| 008 | 030203s1919 sp ||||1| spa d | ||
| 100 | 1 |
_aBlasco Ibáñez, Vicente, _d1867-1928 _929388 |
|
| 245 | 1 | 0 |
_aCañas y barro / _cVicente Blasco Ibáñez. |
| 260 |
_aValencia : _bPrometeo, _c[1919] |
||
| 300 |
_a296 p. ; _c19 cm. |
||
| 852 |
_aES-MaACL _jB-2638 |
||
| 999 |
_c34004 _d34004 |
||